000 01368nam a2200373 4500
001 178828
003 ES-MaACL
005 20250830233208.0
008 110714s2008 nq aco |||| |bspa d
020 _a9789992495506
080 _a929 Sandino, Augusto César
080 _a355.425.4(728.5)
080 _a94(728.5)"1937/79"
080 _a94(728)"19"
080 _a327(73:728)"19"
100 1 _aBlandón, Chuno,
_d1940-
_eaut
_9147338
245 1 0 _aEntre Sandino y Fonseca :
_bla lucha de los pueblos de Nicaragua /
_cJesús Miguel (Chuno) Blandón.
250 _a2ª ed., rev., corr. y aumentada.
260 _aManagua, Nicaragua :
_bSegovia Ediciones Latinoamericanas,
_c2008.
300 _a711, [8] páginas :
_bilustraciones ;
_c24 cm.
490 1 _aHistoria ;
_v1
504 _aBibliografía: p. [711]-[719]
600 1 4 _aSandino, Augusto César,
_d1895-1934-
_xAsesinato
_9147340
600 1 4 _aFonseca, Carlos,
_d1936-1976
_9241276
650 7 _aGuerrillas-
_zNicaragua.
_9147341
651 7 _aNicaragua-
_xHistoria-
_y1937-1979.
_9147339
651 7 _aAmérica Central-
_xHistoria.
_9137032
651 4 _aEstados Unidos-
_xRelaciones-
_zAmérica central
_98559
830 0 _aHistoria ;
_v1
_9177536
852 _aES-MaACL
_cDEPO2
_jC-54646
942 _2udc
_cMONOGRAFIA
_n0
999 _c178828
_d178828